000 01298nam a2200301 4500
003 EG-GICUC
005 20260121101205.0
008 251110s1927 mr ||||fr|||| 000 0 ara d
040 _a EG-GICUC
_bara
_c EG-GICUC
_d EG-GICUC
_erda
041 0 _aara
082 0 4 _221
_a257.4
_bم ح . ك
092 0 4 _221
099 _aLaw1 01 257.4 م ح . ك 1927
100 0 _aمحمد الحسني الادريسي الكتاني
_eمؤلف.
245 1 0 _aكتاب التراتيب الادارية والعمالات الصناعية والمتاجر والحالة العلمية التي كانت علي عهد تاسيس المدينة المنورة العلية.
_nالأجزء الأول /
_bمحمد الحسني الإدريسي الكتاني الفاسي.
250 _aالطبعة الأولى
264 1 _aالرباط :
_bالمطبعة الأهلية،
_c1927.
300 _a486 صفحة :
_bصفحات غير مرقمة ؛
_c24 سم.
336 _2rda content
_atext
337 _2rda media
_aComputer
338 _2rda carrier
_aOnline Resource
546 _aالنص باللغة العربية
650 1 _aالنظام الإداري
_2qrmak
651 1 _2qrmak
856 4 0 _uhttps://fll.law.cu.edu.eg/fulltext/bks/B01-03087.pdf
905 _a62
942 _2ddc
_n0
_cBK
_e21
999 _c42275
_d42275